00591nam a2200181 a 450000100060000000300080000600500170001400800410003103500190007204000290009104100080012008200220012810000540015024501070020426000440031130000280035565000260038363268BD-RjUL20211209081157.0170129s1954 nyua 000 0 eng  a(BD-RjUL)63397 aDLCcODaWUdBD-RjULbeng aeng a901223bBAP 19541 aBaruch, Bernard M.q(Bernard Mannes),d1870-1965.12aA philosophy for our time /cWith an introd. by Buell G. Gallagher and a foreword by Thomas L. Norton. aNew York :bSimon and Schuster,c1954 ? a49 p. :bill. ;c21 cm. 0aCivilization, Modern.